| 000 | 00983nas0a22002891i 4500 | ||
|---|---|---|---|
| 001 | RU\NLR\DRGNLR\4634 | ||
| 005 | 20240725031316.0 | ||
| 035 | _a(NLR Aleph) 010313206 | ||
| 090 |
_a10644440 _c10644440 |
||
| 100 | _a20080514b1911 u y0rusy50 ca | ||
| 101 | 0 | _arus | |
| 102 | _aRU | ||
| 110 | _acya|||||||| | ||
| 200 | 1 |
_aСтоличное слово _fРед.-изд. М.С.Эйберг |
|
| 210 |
_aМ. _d1911, 5 дек - [?] |
||
| 540 | 1 | _aСтоличное слово | |
| 702 | 1 |
_aЭйберг _bМ.С. _gМарк Соломонович _4340 |
|
| 801 | 0 |
_aRU _bNLR _c20080514 _gPSBO _2gzdor_isis |
|
| 801 | 2 |
_aRU _bNLR _c20080514 _gPSBO _2rusmarc |
|
| 852 |
_aNLR _j1-М/2-67 |
||
| 942 | _cNEWSPAPER | ||
| 980 | _aDRG | ||